Basic English Grammar & Composition; (Record no. 210931)

MARC details
000 -LEADER
fixed length control field 00629nam a22001937a 4500
005 - DATE AND TIME OF LATEST TRANSACTION
control field 20250409145157.0
010 ## - LCCN (DPL NO)
LC control number ENG-144599
020 ## - INTERNATIONAL STANDARD BOOK NUMBER
International Standard Book Number 9789392790072
Terms of availability 995.00
035 ## - SYSTEM CONTROL NUMBER
System control number EN-128071
037 ## - SOURCE OF ACQUISITION
Source of stock number/acquisition DBAD
082 ## - DEWEY DECIMAL CLASSIFICATION NUMBER
Classification number 425
Edition number 1st
100 ## - MAIN ENTRY--PERSONAL NAME
Personal name Carrasco, Effie
245 ## - TITLE STATEMENT
Title Basic English Grammar & Composition;
Statement of responsibility, etc Dr. Mahesh Jetly
Remainder of title For Senior Classes/
250 ## - EDITION STATEMENT
Edition statement 1st
260 ## - PUBLICATION, DISTRIBUTION, ETC. (IMPRINT)
Place of publication, distribution, etc Delhi
Name of publisher, distributor, etc Good Luck Publishers Limited
Date of publication, distribution, etc 2005
270 ## - ADDRESS
Address 415, Laxmideep, 9, Laxmi Nagar District Centre, Vikas Marg,
City Delhi
Telephone number 9811197091
Postal code 110092
300 ## - PHYSICAL DESCRIPTION
Extent 440 p.
Dimensions 27 cm(Hbk)
942 ## - ADDED ENTRY ELEMENTS (KOHA)
Source of classification or shelving scheme Dewey Decimal Classification
Item type English Books
Classification part 425
Call number suffix CAR
Edition 1

No items available.


© Delhi Public Library
Hit Counter
free hit counter